000 00977nam a2200253Ia 4500
003 OSt
005 20221005111659.0
006 a|||||r|||| 00| 0
007 ta
008 221004b |||||||| |||| 00| 0 hin d
024 _a14302
037 _bGift, 05/11/2014,
_cTextual
040 _aCRL
_cCRL
_bhin
041 _2hin
_ahin
082 _a4(P152)v.M5, 152Q2
100 _aपाण्डेय, स्वामीनाथ
245 0 _aभारतेंदु युग और हिन्दी - पत्रकारिता
246 _aBhārateandu yug aur hindī - patrakāritā
260 _aफैजाबाद
_bअभिव्यक्ति प्रकाशन भारत
_c2012
300 _a180पृ0
_ccm.
650 _aहिन्दी पत्रकारिता
942 _h4(P152)v.M5, 152Q2
_cTEXL
_2cc
999 _c1022566
_d1022566